| 000 | nam a22 7a 4500 | ||
|---|---|---|---|
| 999 |
_c232931 _d232931 |
||
| 003 | Nust | ||
| 005 | 20170227095810.0 | ||
| 008 | 170227b xxu||||| |||| 00| 0 eng d | ||
| 040 | _cDLC | ||
| 082 | _a891.4397 BUT | ||
| 245 |
_a۲ مجموعَہ ڈاکٹر محمد یونس بٹ _c بٹ ،ڈاکٹر محمد یونس |
||
| 260 |
_aLahore : _c2009 |
||
| 300 |
_a381p. : _c25cm |
||
| 942 |
_2ddc _cBK |
||